Classical Mythology Lovers Quiz Stats

 Plays Quiz Updated Feb 16, 2012

Challenge
Share
Tweet
Embed
Score 0/22 Timer 10:00
0 Plays Today
Figure #1 Figure #2 % Correct
ParisHelen
86.2%
Hades/PlutoPersephone
71.4%
NarcissusEcho
59.7%
JocastaOedipus
57.3%
Aphrodite/VenusAres/Mars
54.7%
OdysseusPenelope
54.2%
PsycheCupid
52.6%
DidoAeneas
38.8%
OrpheusEurydice
37.2%
PerseusAndromeda
35.6%
ThisbePyramus
33.5%
Figure #1 Figure #2 % Correct
AgamemnonClytemnestra
28.5%
Zeus/JupiterGanymede
24.8%
PygmalionGalatea
17.1%
HeroLeander
14.8%
EndymionSelene (moon)
13.4%
ApolloHyacinth
12.5%
PyrrhaDeucalion
10.1%
AtalantaHippomenes
7.9%
CeyxAlcyone
7.4%
Eos/Aurora (dawn)Tithonus
6.5%
ProcrisCephalus
5.2%

You're not logged in!

Compare scores with friends on all Sporcle quizzes.
OR
Log In

You Might Also Like...

Show Comments

Extras

Top Quizzes Today


Score Distribution

Your Account Isn't Verified!

In order to create a playlist on Sporcle, you need to verify the email address you used during registration. Go to your Sporcle Settings to finish the process.

Report this User

Report this user for behavior that violates our Community Guidelines.

Details: